Espectáculos escénicos: Producción y difusión.
محفوظ في:
| المؤلف الرئيسي: | |
|---|---|
| التنسيق: | كتاب |
| منشور في: |
México,
Conaculta,
2004.
|
| الطبعة: | Primera edición. |
| سلاسل: | Colección Intersecciones,
|
| الموضوعات: | |
| الوسوم: |
إضافة وسم
لا توجد وسوم, كن أول من يضع وسما على هذه التسجيلة!
|
MARC
| LEADER | 00000nam a22000007a 4500 | ||
|---|---|---|---|
| 003 | CL-VaPUC | ||
| 005 | 20250407202441.0 | ||
| 008 | 250311t2004 ||||| |||| 00| 0 eng d | ||
| 999 | |c 447224 |d 447222 | ||
| 020 | |a 970-93148-3-1 | ||
| 040 | |c Pontificia Universidad Católica de Valparaíso | ||
| 082 | |a 792.02 LEO 2004 | ||
| 100 | |9 896538 |a León, Marisa de |e autora | ||
| 245 | |a Espectáculos escénicos: |b Producción y difusión. | ||
| 250 | |a Primera edición. | ||
| 260 | |a México, |b Conaculta, |c 2004. | ||
| 300 | |a 310 páginas. | ||
| 490 | |a Colección Intersecciones, |n 1. | ||
| 500 | |a c.1. Instituto Arcos.08-01-2025. | ||
| 583 | |c 20250311 |k Gabriela Rodríguez Cuevas | ||
| 650 | 0 | |9 896539 |a Artes escénicas |x Espectáculos |x Producción y difusión | |
| 942 | |2 ddc |c BK |n 0 | ||
| 952 | |0 0 |1 0 |2 ddc |4 0 |6 792_020000000000000_LEO_2004 |7 0 |8 A |9 600931 |a BIBINC |b BIBINC |d 2025-03-11 |e Instituto Arcos |i 5665854 |o 792.02 LEO 2004 |p 5665854 |r 2025-03-11 |t 1 |w 2025-03-11 |y BK |k IFP | ||